[Event "GER-chT North U12"]
[Site "Magdeburg"]
[Date "2013.09.14"]
[Round "5.1"]
[White "Zeuner, Ole"]
[Black "Do, Viet Duc"]
[Result "1/2-1/2"]
[WhiteElo "1263"]
[BlackElo "1218"]
[PlyCount "70"]
[EventDate "2013.09.12"]
[EventType "team-swiss"]
[EventRounds "7"]
[EventCountry "GER"]
[SourceTitle "EXT 2014"]
[Source "ChessBase"]
[SourceDate "2013.11.20"]
[SourceVersion "1"]
[SourceVersionDate "2013.11.20"]
[SourceQuality "1"]
[WhiteTeam "Magdeburg Schachzwerge"]
[BlackTeam "Weissenfels Roland"]
[WhiteTeamCountry "GER"]
[BlackTeamCountry "GER"]

1. e4 e6 2. d4 d5 3. Nd2 Nc6 4. Ngf3 Nb8 5. Bd3 c5 6. c3 Nc6 7. 0-0 Nf6 8. e5 Nd7 9. Re1 c4 10. Bb1 f6 11. Qc2 Be7 12. b3 fxe5 13. Nxe5 Ndxe5 14. dxe5 Bh4 15. Nf3 g6 16. Ba3 Qb6 17. Nxh4 Qd8 18. Nf3 b5 19. Bc5 a5 20. Nd4 Bb7 21. Nxe6 Qd7 22. Nd4 Qg4 23. Nxc6 Bxc6 24. f3 Qh4 25. Qf2 Qg5 26. Be3 Qd8 27. Qg3 b4 28. cxb4 axb4 29. bxc4 dxc4 30. Bc2 Ba4 31. Bxa4+ Rxa4 32. Qf4 c3 33. Bd4 b3 34. axb3 Rxd4 35. Qc1 Rd3 1/2-1/2